[Event "2eme tournoi dechecs des Trois Vallees Automne 2023"]
[Site "Tihange"]
[Date "2023.09.20"]
[Round "4.1"]
[White "Memeti, Kastriot"]
[Black "Gulbas, Cemil"]
[Result "0-1"]
[WhiteElo "2153"]
[BlackElo "2347"]
[PlyCount "0"]
[EventDate "2023.10.11"]
[SourceDate "2023.10.11"]
[WhiteTeam "BEL"]
[BlackTeam "TUR"]

1. d4 Nf6 2. Bf4 c5 3. dxc5 Na6 4. f3 Nxc5 5. e4 d6 6. Nc3 a6 7. Qd2 e5 8. 
Bg5 Be6 9. Nd5 Bxd5 10. exd5 Be7 11. Be3 Rc8 12. c4 O-O 13. Ne2 e4 14. Nc3 
exf3 15. gxf3 Nfd7 16. O-O-O Ne5 17. Be2 b5 18. cxb5 axb5 19. Bxb5 Nxf3 20. 
Qg2 Nh4 21. Qc2 Bf6 22. Bd4 Bxd4 23. Rxd4 Nf3 24. Rg4 f5 25. Rg3 Nd4 26. Qg2 
Qf6 27. Kb1 f4 28. Rg5 h6 29. Rh5 f3 30. Qg4 Nxb5 31. Nxb5 f2 32. Rf1 Rce8 0-1

[Event "2eme tournoi dechecs des Trois Vallees Automne 2023"]
[Site "Tihange"]
[Date "2023.09.20"]
[Round "4.2"]
[White "Hautot, Stephane"]
[Black "Battistelli, Fausto"]
[Result "1-0"]
[WhiteElo "2354"]
[BlackElo "1824"]
[PlyCount "0"]
[EventDate "2023.10.11"]
[SourceDate "2023.10.11"]
[WhiteTeam "BEL"]
[BlackTeam "BEL"]

1. Nf3 Nf6 2. g3 g6 3. Bg2 Bg7 4. c4 O-O 5. O-O d6 6. d4 Nc6 7. Nc3 e5 8. 
dxe5 dxe5 9. Qxd8 Rxd8 10. Bg5 Be6 11. Nd2 h6 12. Bxf6 Rxd2 13. Bxg7 Kxg7 14. 
Bxc6 bxc6 15. b3 Rad8 16. Rfd1 Kf8 17. Kf1 Ke7 18. Ke1 Rc2 19. Rxd8 Kxd8 20. 
Kd1 Bf5 21. Nb1 g5 22. Nd2 Rc3 23. Nf1 Ke7 24. Ne3 Rxe3 25. fxe3 Be4 26. Kd2 
f5 27. Kc3 c5 28. b4 Kd6 29. Rd1+ Kc6 30. b5+ Kb6 31. Rd8 Bb1 32. Rb8+ Ka5 
33. Rb7 1-0

[Event "2eme tournoi dechecs des Trois Vallees Automne 2023"]
[Site "Tihange"]
[Date "2023.09.20"]
[Round "4.3"]
[White "Noiroux, Kevin"]
[Black "Werner, Ivan"]
[Result "1-0"]
[WhiteElo "2183"]
[BlackElo "2058"]
[PlyCount "0"]
[EventDate "2023.10.11"]
[SourceDate "2023.10.11"]
[WhiteTeam "BEL"]
[BlackTeam "BEL"]

1. d4 Nf6 2. Nc3 d5 3. Bf4 c6 4. e3 Bf5 5. Bd3 e6 6. Nf3 Bd6 7. Bxf5 exf5 8. 
Ne2 Ne4 9. O-O Nd7 10. Bxd6 Nxd6 11. Qd3 Qe7 12. b3 b5 13. a4 O-O 14. axb5 
cxb5 15. Nc3 Nb6 16. Nxb5 Ne4 17. Ra6 Rfb8 18. Rfa1 Rb7 19. Ne5 Rc8 20. Nxa7 
Rc3 21. Nac6 Qc7 22. Ra8+ Nc8 23. Qxc3 Nxc3 24. Ne7+ Qxe7 25. Rxc8+ Qf8 1-0

[Event "2eme tournoi dechecs des Trois Vallees Automne 2023"]
[Site "Tihange"]
[Date "2023.09.20"]
[Round "4.4"]
[White "Uhoda, Philippe"]
[Black "Evers, Shaman"]
[Result "1/2-1/2"]
[WhiteElo "2064"]
[BlackElo "1791"]
[PlyCount "0"]
[EventDate "2023.10.11"]
[SourceDate "2023.10.11"]
[WhiteTeam "BEL"]
[BlackTeam "FRA"]

1. d4 d5 2. c4 e6 3. Nc3 Nf6 4. cxd5 exd5 5. Bg5 c6 6. e3 Bf5 7. Nf3 Nbd7 8. 
Be2 Bd6 9. O-O O-O 10. Bh4 Qc7 11. Bg3 Bxg3 12. hxg3 h6 13. b4 b5 14. Nh4 Bh7 
15. Bd3 Ne4 16. Qc2 Ndf6 17. Nf3 Qd6 18. Ne5 Qxb4 19. Bxe4 Nxe4 20. Nxe4 Bxe4 
21. Nxc6 Qc4 22. Qxc4 dxc4 23. Ne7+ Kh7 24. f3 Bd3 25. Rfd1 a5 26. Nd5 b4 27. 
Rac1 Rac8 28. Kf2 Rb8 29. Nf4 Rfc8 30. e4 a4 31. Ke3 b3 32. Nxd3 cxd3 33. 
axb3 Rxc1 34. Rxc1 Rxb3 35. d5 Kg6 36. e5 Kf5 37. f4 d2+ 38. Kxd2 Rxg3 39. d6 
Rxg2+ 40. Ke3 Rg3+ 41. Kd4 Rg2 42. Rc3 Rd2+ 43. Ke3 Rd1 44. Rc7 f6 45. Rxg7 
fxe5 46. fxe5 Kxe5 47. Ra7 Rxd6 48. Rxa4 Kf5 49. Kf3 Rd3+ 50. Kg2 Re3 51. 
Ra5+ Kf4 52. Ra4+ Kg5 53. Ra5+ Kg4 1/2-1/2

[Event "2eme tournoi dechecs des Trois Vallees Automne 2023"]
[Site "Tihange"]
[Date "2023.09.20"]
[Round "4.5"]
[White "Munster, Pierre"]
[Black "Charlier, Laurent"]
[Result "1-0"]
[WhiteElo "2023"]
[BlackElo "1719"]
[PlyCount "0"]
[EventDate "2023.10.11"]
[SourceDate "2023.10.11"]
[WhiteTeam "BEL"]
[BlackTeam "BEL"]

1. Nf3 d6 2. e4 e5 3. Bc4 Be7 4. O-O Nf6 5. d3 O-O 6. Nc3 c6 7. Bb3 a5 8. a4 
Na6 9. h3 Nc7 10. Be3 c5 11. Ne2 Bd7 12. Ng3 Qc8 13. c3 h6 14. d4 b5 15. dxe5 
dxe5 16. Nxe5 c4 17. Nxd7 Nxd7 18. Bc2 b4 19. Nf5 Bf6 20. Bd4 Qd8 21. Bxf6 
Nxf6 22. e5 Nfd5 23. Be4 Re8 24. Qd4 Ra6 25. Rad1 Qg5 26. g3 Nf4 27. Kh2 Nce6 
28. Qxc4 Qh5 29. h4 g6 30. Nd6 Rxd6 31. exd6 Ng5 32. Bh1 Nfe6 33. d7 Rd8 34. 
Rfe1 Nf3+ 35. Bxf3 Qxf3 36. Qe2 Qc6 37. Qb5 Qf3 38. Qb6 Qf6 39. Rd6 bxc3 40. 
bxc3 Kh7 41. Red1 Qf3 42. Rxe6 fxe6 43. Rd6 Qf7 44. Qd4 e5 45. Qd2 g5 46. Kg1 
Qe7 47. c4 e4 48. c5 Qf7 49. c6 Rb8 50. d8=Q Rb1+ 51. Kh2 1-0

[Event "2eme tournoi dechecs des Trois Vallees Automne 2023"]
[Site "Tihange"]
[Date "2023.09.20"]
[Round "4.6"]
[White "Rosar, Daniel"]
[Black "Chazard, Patrick"]
[Result "0-1"]
[WhiteElo "1771"]
[BlackElo "1879"]
[PlyCount "0"]
[EventDate "2023.10.11"]
[SourceDate "2023.10.11"]
[WhiteTeam "BEL"]
[BlackTeam "BEL"]

1. d4 g6 2. c4 Bg7 3. Nc3 c5 4. d5 Bxc3+ 5. bxc3 f5 6. h4 Nf6 7. e3 d6 8. Bd3 
Qa5 9. Ne2 Nbd7 10. f3 Ne5 11. O-O Nxd3 12. Qxd3 Bd7 13. e4 O-O-O 14. Bf4 Nh5 
15. Bh2 Qa6 16. Rfe1 e5 17. f4 fxe4 18. Qxe4 Bf5 19. Qf3 e4 20. Qe3 Qxc4 21. 
Red1 Nf6 22. Qd2 Bg4 0-1

[Event "2eme tournoi dechecs des Trois Vallees Automne 2023"]
[Site "Tihange"]
[Date "2023.09.20"]
[Round "4.7"]
[White "Wolf, Pierre"]
[Black "Latour, Quentin"]
[Result "0-1"]
[WhiteElo "1858"]
[BlackElo "1661"]
[PlyCount "0"]
[EventDate "2023.10.11"]
[SourceDate "2023.10.11"]
[WhiteTeam "BEL"]
[BlackTeam "BEL"]

1. d4 d5 2. Nf3 Nf6 3. e3 c5 4. dxc5 Qa5+ 5. c3 Qxc5 6. b4 Qc7 7. Bb2 e6 8. 
Nbd2 Nbd7 9. Rc1 Qd8 10. Bd3 Bd6 11. Qe2 a6 12. O-O O-O 13. a3 Ne5 14. Nxe5 
Bxe5 15. Nf3 Bd6 16. c4 dxc4 17. Bxc4 b5 18. Ba2 Bb7 19. Rfd1 Qe7 20. Bb1 
Rfd8 21. e4 Bf4 22. e5 Rxd1+ 23. Rxd1 Nd5 24. Qe4 g6 25. Qe2 Rc8 26. g3 Nc3 
27. Bxc3 Rxc3 28. Be4 Bh6 29. Rd3 Rxd3 30. Qxd3 Bc8 31. Nd2 Qc7 32. f4 Bb7 
33. Bxb7 Qxb7 34. Ne4 Bf8 35. h4 Be7 {la partie est illisible à partir d'ici, contactez les joueurs pour connaître la suite de la partie}

[Event "2eme tournoi dechecs des Trois Vallees Automne 2023"]
[Site "Tihange"]
[Date "2023.09.20"]
[Round "4.8"]
[White "Walrant, Toan"]
[Black "Bikady, Claude"]
[Result "0-1"]
[WhiteElo "1510"]
[BlackElo "1820"]
[PlyCount "0"]
[EventDate "2023.10.11"]
[SourceDate "2023.10.11"]
[WhiteTeam "BEL"]
[BlackTeam "BEL"]

1. e4 c5 2. Nf3 Nc6 3. d4 cxd4 4. Nxd4 Nf6 5. Nc3 e5 6. Ndb5 d6 7. Bg5 a6 8. 
Na3 b5 9. Nd5 Be7 10. Bxf6 Bxf6 11. c3 O-O 12. Nc2 Bg5 13. a4 Rb8 14. axb5 
axb5 15. h4 Bh6 16. Be2 Be6 17. Ra6 Bd7 18. Ndb4 Nxb4 19. Nxb4 Rb6 20. Rxb6 
Qxb6 21. Nd5 Qc5 22. g4 Bf4 23. b4 Qa7 24. Nxf4 exf4 25. Kf1 Re8 26. f3 Qe3 
27. Qd4 Rc8 28. Qxd6 Rxc3 0-1

[Event "2eme tournoi dechecs des Trois Vallees Automne 2023"]
[Site "Tihange"]
[Date "2023.09.20"]
[Round "4.9"]
[White "Dambiermont, Marc"]
[Black "Visse, Bernard"]
[Result "1-0"]
[WhiteElo "1816"]
[BlackElo "1693"]
[PlyCount "0"]
[EventDate "2023.10.11"]
[SourceDate "2023.10.11"]
[WhiteTeam "BEL"]
[BlackTeam "BEL"]

1. d4 Nf6 2. Bf4 d5 3. e3 c5 4. Nc3 e6 5. Nf3 Bd6 6. Bg3 Qc7 7. Be2 Nbd7 8. 
O-O a6 9. a4 O-O 10. Re1 Bxg3 11. hxg3 e5 12. dxe5 Nxe5 13. Nxd5 Nxf3+ 14. 
Bxf3 Nxd5 15. Qxd5 Rd8 16. Qe4 Rb8 17. Rad1 Be6 18. Rxd8+ Qxd8 19. Rd1 Qc7 
20. Qd3 g6 21. Qd6 Rc8 22. Qxc7 Rxc7 23. Rd6 Kf8 24. Rb6 Bc8 25. Kf1 Ke7 26. 
Ke2 Kd8 27. Bd5 Rd7 28. c4 Ke7 29. a5 f6 30. Be6 1-0

[Event "2eme tournoi dechecs des Trois Vallees Automne 2023"]
[Site "Tihange"]
[Date "2023.09.20"]
[Round "4.10"]
[White "Engelen, Audric"]
[Black "Timmermans, Daniel"]
[Result "0-1"]
[WhiteElo "1364"]
[BlackElo "1811"]
[PlyCount "0"]
[EventDate "2023.10.11"]
[SourceDate "2023.10.11"]
[WhiteTeam "BEL"]
[BlackTeam "BEL"]

1. e4 c5 2. Nf3 d6 3. c3 Nf6 4. Be2 Nc6 5. d4 Nd7 6. O-O g6 7. Re1 Bg7 8. Be3 
b6 9. Nbd2 O-O 10. Nf1 Bb7 11. Qd2 Qc7 12. Bh6 e5 13. Bxg7 Kxg7 14. d5 Ne7 
15. Ng3 h6 16. h4 Nf6 17. h5 Bc8 18. hxg6 fxg6 19. Nh2 Bd7 20. c4 Rf7 21. a4 
a5 22. b3 Raf8 23. f3 Qc8 24. Ngf1 g5 25. g4 Ng6 26. Ng3 Nf4 27. Rac1 Rh8 28. 
Nf5+ Bxf5 29. exf5 Kf8 30. Kf2 Rfh7 31. Rf1 h5 32. Ke1 hxg4 33. Nxg4 Nxg4 34. 
fxg4 Rh2 35. Rf2 Rxf2 36. Kxf2 Rh2+ 37. Kf3 e4+ 38. Ke3 Rxe2+ 39. Qxe2 Nxe2 
40. Rh1 Kg7 41. Kxe2 Qd8 42. Ke3 Qf6 43. Kxe4 Qd4+ 44. Kf3 Qf4+ 0-1

[Event "2eme tournoi dechecs des Trois Vallees Automne 2023"]
[Site "Tihange"]
[Date "2023.09.20"]
[Round "4.11"]
[White "Blois, Dominique"]
[Black "Gheury, Jean-Marie"]
[Result "0-1"]
[WhiteElo "1302"]
[BlackElo "1743"]
[PlyCount "0"]
[EventDate "2023.10.11"]
[SourceDate "2023.10.11"]
[WhiteTeam "FRA"]
[BlackTeam "BEL"]

1. e4 c6 2. d4 d5 3. Nc3 dxe4 4. Nxe4 Bf5 5. Ng3 Bg6 6. h4 h6 7. Nf3 Nd7 8. 
Bd3 Bxd3 9. Qxd3 e6 10. Bd2 Ngf6 11. O-O-O Be7 12. Ne4 Nxe4 13. Qxe4 Nf6 14. 
Qe2 Qd5 15. Kb1 O-O 16. Rhe1 b5 17. Qe5 a5 18. Qxd5 Nxd5 19. Ne5 Rfc8 20. c4 
bxc4 21. Nxc4 Bxh4 22. g3 Bf6 23. Bxa5 Rcb8 24. Rd3 Rb5 25. Bd2 Be7 26. Re4 
c5 27. Rb3 Rxb3 28. axb3 cxd4 29. f4 Rb8 30. Na5 Rb5 31. Nc6 Rxb3 32. Nxd4 
Rxg3 33. f5 Nf6 34. Re1 Bc5 35. Ne2 Rg2 36. fxe6 fxe6 37. Ka2 Nd5 38. Bc3 
Nb4+ 39. Kb3 Nd5 40. Nc1 Nxc3 41. bxc3 Rg1 42. Rxg1 Bxg1 43. Ne2 Be3 44. Kc4 
Kf7 45. Kd3 Bb6 46. c4 g5 47. Ke4 Kf6 48. Kf3 h5 49. Ng3 Kg6 50. Ke4 Bc7 51. 
Kf3 Bxg3 52. Kxg3 Kf7 53. Kf3 Ke7 54. Ke4 h4 55. c5 Kd7 56. Kf3 Kc6 57. Kg4 
Kxc5 58. Kxg5 h3 0-1

[Event "2eme tournoi dechecs des Trois Vallees Automne 2023"]
[Site "Tihange"]
[Date "2023.09.20"]
[Round "4.12"]
[White "Adans-Dester, Alexandre"]
[Black "Brunet, David"]
[Result "1-0"]
[WhiteElo "1686"]
[BlackElo "1541"]
[PlyCount "0"]
[EventDate "2023.10.11"]
[SourceDate "2023.10.11"]
[WhiteTeam "BEL"]
[BlackTeam "BEL"]

1. Nf3 Nf6 2. g3 d5 3. Bg2 c6 4. O-O Nbd7 5. b3 g6 6. Bb2 Bg7 7. c4 O-O 8. d3 
Re8 9. Nc3 e5 10. cxd5 cxd5 11. e4 d4 12. Nb5 Qb6 13. Na3 a6 14. Nc4 Qe6 15. 
Ng5 Qg4 16. Qxg4 Nxg4 17. Nd6 Rf8 18. h3 Ngf6 19. Rac1 Nb6 20. Rc7 Nfd7 21. 
a4 a5 22. f4 h6 23. Ngxf7 Rxf7 24. Nxf7 Kxf7 25. fxe5+ Ke8 26. Bxd4 Bxe5 27. 
Bxe5 Nxe5 28. d4 Ned7 29. e5 Nf8 30. d5 Nbd7 31. e6 Ne5 32. e7 Nfd7 33. d6 
Nf7 34. Rd1 Rb8 35. Be4 Nde5 36. Bxg6 Nxg6 37. d7+ Bxd7 38. Rdxd7 Nge5 39. 
Rd5 Nc6 40. g4 Ng5 41. Rd6 Nxe7 42. Rxh6 Kd8 43. Rc5 Nf7 44. Rf6 Ke8 45. Rxa5 
Rd8 46. Rb5 Rd7 47. h4 Nd6 48. Re5 Kd8 49. h5 Nc6 50. Ree6 Kc7 51. h6 Nd4 52. 
Rxd6 1-0

[Event "2eme tournoi dechecs des Trois Vallees Automne 2023"]
[Site "Tihange"]
[Date "2023.09.20"]
[Round "4.13"]
[White "Makrygiannis, Georgios"]
[Black "Halleux, Daniel"]
[Result "1/2-1/2"]
[WhiteElo "1607"]
[BlackElo "1787"]
[PlyCount "0"]
[EventDate "2023.10.11"]
[SourceDate "2023.10.11"]
[WhiteTeam "BEL"]
[BlackTeam "BEL"]

1. d4 d5 2. c4 c6 3. Nc3 Bf5 4. cxd5 cxd5 5. Qb3 Nc6 6. e3 Nf6 7. Qxb7 Qc8 8. 
Qxc8+ Rxc8 9. Bb5 a6 10. Bxa6 Rc7 11. Bb5 e6 12. Nf3 Bd6 13. O-O Ke7 14. Bd2 
Rhc8 15. Nh4 Be4 16. f3 Bg6 17. Nxg6+ hxg6 18. a3 Na5 19. Nxd5+ Nxd5 20. Bxa5 
Rc2 21. Rf2 Nxe3 22. Bc3 Bxh2+ 23. Kxh2 Rxf2 24. Rg1 Nf5 25. Rf1 Rxf1 26. 
Bxf1 Ne3 27. Ba6 Rc7 28. Bd2 Nd5 29. Bd3 Ra7 30. Kg3 Ra4 31. Kf2 Rxd4 32. Ke2 
Nf4+ 33. Bxf4 Rxf4 34. b4 Kd6 35. g3 Rd4 36. Ke3 e5 37. f4 Kd5 38. fxe5 Kxe5 
39. Kd2 Rg4 40. Kc3 Kd5 41. a4 Rxg3 42. a5 1/2-1/2

[Event "2eme tournoi dechecs des Trois Vallees Automne 2023"]
[Site "Tihange"]
[Date "2023.09.20"]
[Round "4.14"]
[White "Albert, Julien"]
[Black "Barbier, Francois"]
[Result "1-0"]
[WhiteElo "1685"]
[BlackElo "1494"]
[PlyCount "0"]
[EventDate "2023.10.11"]
[SourceDate "2023.10.11"]
[WhiteTeam "BEL"]
[BlackTeam "BEL"]

1. e4 c5 2. Nf3 Nc6 3. Bb5 Qb6 4. Nc3 e6 5. O-O g6 6. e5 Bg7 7. Qe2 Nd4 8. 
Nxd4 cxd4 9. Nd1 Qc7 10. Re1 Qxc2 11. b3 a6 12. Bd3 Qc7 13. Bb2 Ne7 14. Bxd4 
Nc6 15. Bb2 b5 16. Rc1 Qb6 17. Ne3 h5 18. Nd1 Bb7 19. Bb1 O-O 20. d4 Bh6 21. 
Rc5 Rad8 22. g4 h4 23. g5 Bg7 24. Qg4 Nxe5 25. Rcxe5 Bxe5 26. dxe5 Kg7 27. 
Ba3 Rg8 28. Be7 Rc8 29. Qxh4 f5 30. exf6+ Kf7 31. Qh7+ Ke8 32. Qxg8# 1-O

[Event "2eme tournoi dechecs des Trois Vallees Automne 2023"]
[Site "Tihange"]
[Date "2023.09.20"]
[Round "4.15"]
[White "Fox, Pierre"]
[Black "De Ryck, Jacques"]
[Result "1-0"]
[WhiteElo "1684"]
[BlackElo "1486"]
[PlyCount "0"]
[EventDate "2023.10.11"]
[SourceDate "2023.10.11"]
[WhiteTeam "BEL"]
[BlackTeam "BEL"]

1. d4 d5 2. c4 e6 3. Nc3 Nf6 4. cxd5 exd5 5. Bg5 Be7 6. e3 Bf5 7. Qb3 b6 8. 
Bxf6 Bxf6 9. Qxd5 Qxd5 10. Nxd5 Bd8 11. Rc1 c6 12. Nb4 Bd7 13. Nf3 Be7 14. 
Nc2 O-O 15. Bd3 Be6 16. b3 Nd7 17. e4 Bg4 18. Nd2 Rac8 19. O-O c5 20. Ne3 Bh5 
21. g4 Bg6 22. d5 Ne5 23. Ba6 Rb8 24. f4 Nf3+ 25. Rxf3 1-0

[Event "2eme tournoi dechecs des Trois Vallees Automne 2023"]
[Site "Tihange"]
[Date "2023.09.20"]
[Round "4.16"]
[White "Freres, Hugo"]
[Black "Doubnov, Ilucha"]
[Result "0-1"]
[WhiteElo "1625"]
[BlackElo "1456"]
[PlyCount "0"]
[EventDate "2023.10.11"]
[SourceDate "2023.10.11"]
[WhiteTeam "BEL"]
[BlackTeam "BEL"]

1. d4 Nf6 2. c4 e6 3. Nc3 Bb4 4. e3 O-O 5. Bd3 Re8 6. Ne2 b6 7. O-O d5 8. a3 
Bf8 9. cxd5 exd5 10. Qc2 Bb7 11. b4 Nbd7 12. Bb2 Ne4 13. Nxe4 dxe4 14. Bc4 
Nf6 15. Rac1 Rc8 16. Rfd1 Bd6 17. Ng3 Qd7 18. Qe2 Nd5 19. Qh5 g6 20. Qe2 h5 
21. Kh1 h4 22. Nf1 h3 23. Ng3 hxg2+ 24. Kxg2 Kg7 25. Rh1 Rh8 26. h4 f5 27. f4 
exf3+ 28. Qxf3 Nxe3+ 0-1

[Event "2eme tournoi dechecs des Trois Vallees Automne 2023"]
[Site "Tihange"]
[Date "2023.09.20"]
[Round "4.17"]
[White "Plunus, Nicolas"]
[Black "Pierret, Dimitri"]
[Result "0-1"]
[WhiteElo "1444"]
[BlackElo "1500"]
[PlyCount "0"]
[EventDate "2023.10.11"]
[SourceDate "2023.10.11"]
[WhiteTeam "BEL"]
[BlackTeam "BEL"]

1. c4 e5 2. Nc3 Bb4 3. g3 Bxc3 4. bxc3 Nf6 5. Bg2 Nc6 6. Nf3 d6 7. O-O O-O 8. 
d4 Re8 9. d5 Ne7 10. Bg5 Ne4 11. Qc2 Nxg5 12. Nxg5 Ng6 13. Ne4 Bf5 14. Qd2 
Qd7 15. h4 Bxe4 16. Bxe4 Qg4 17. Bxg6 hxg6 18. Rab1 b6 19. Qd3 f5 20. Kh2 e4 
21. Qe3 Rf8 22. f3 exf3 23. exf3 Qxc4 24. Qe6+ Kh7 25. h5 Qxa2+ 26. Kg1 gxh5 
27. Rb4 Rae8 28. Re1 Rxe6 29. dxe6 Re8 30. e7 Qf7 0-1

[Event "2eme tournoi dechecs des Trois Vallees Automne 2023"]
[Site "Tihange"]
[Date "2023.09.20"]
[Round "4.18"]
[White "Dumont, Ronan"]
[Black "Jortay, Olivier"]
[Result "0-1"]
[WhiteElo "1410"]
[BlackElo "1605"]
[PlyCount "0"]
[EventDate "2023.10.11"]
[SourceDate "2023.10.11"]
[WhiteTeam "BEL"]
[BlackTeam "BEL"]

1. e4 g6 2. d4 Bg7 3. Nf3 d6 4. Be3 b6 5. Nc3 Bb7 6. Bc4 Nd7 7. Qd2 e6 8. Bg5 
Qc8 9. a3 a6 10. Bh4 b5 11. Ba2 Ngf6 12. d5 e5 13. b4 Nb6 14. Bg5 Qg4 15. Qe3 
h6 16. Bxf6 Bxf6 17. Ne2 Bg7 18. Ng3 h5 19. h3 Qd7 20. Nd2 Bh6 21. Qd3 O-O 
22. Bb3 a5 23. c3 Kh7 24. Bd1 h4 25. Bg4 Qe7 26. Ngf1 axb4 27. cxb4 Ba6 28. 
Nb3 Qg5 29. Nfd2 Nc4 30. Nf3 Qf6 31. O-O Bc8 32. Nh2 Qg7 33. Bxc8 Raxc8 34. 
Nf3 Qf6 35. Nh2 Qf4 36. Qf3 Ra8 37. Qxf4 Bxf4 38. Nf3 g5 39. a4 bxa4 40. Na5 
Nxa5 41. bxa5 Rxa5 42. Ra3 Rb8 43. Rfa1 Rb4 44. Ne1 Rxe4 0-1